000
00209nam a22001217a 4500
040
_c
SK
082
_a
597
100
_a
NA
245
_a
Fish pathology
260
_a
NA
_b
NA
_c
NA
300
_a
86p.
942
_c
EK
999
_c
8873
_d
8873